Statistics for FIFA 15 Players

Click here to take the quiz!

General Stats

  • This quiz has been taken 51 times
  • The average score is 22 of 38

Answer Stats

HintAnswer% Correct
barcelonarb83dani alves
76%
zenitrw83hulk
74%
arsenalcb83mertesacker
69%
chelseacb83terry
69%
unitedgk83de gea
67%
cityst83dzeko
67%
intergk83handanovic
67%
juventuscm83marchisio
67%
barcelonalw83pedro
67%
realcb83pepe
67%
liverpoolst83sturridge
67%
barcelonagk83bravo
64%
napolicam83hamsik
64%
realcam83isco
64%
cityrm83navas
64%
romacm83pjanic
62%
arsenalcm83ramsey
62%
dortmundgk83weidenfeller
62%
juventuscb83barzagli
60%
tottenhamlm83eriksen
60%
cska moscowgk83akinfeev
57%
dortmundcm83gundogan
57%
psgcdm83matuidi
57%
saint etiennegk83ruffier
57%
atleticocb83miranda
55%
milangk83diego lopez
52%
barcelonacb83mascherano
52%
juventuscm83pogba
52%
barcelonacam83rakitic
52%
laziorw83candreva
50%
fiorentinarm83cuadrado
50%
schalkerm83farfan
50%
atleticost83mandzukic
48%
monacocm83moutinho
48%
intercb83vidic
48%
zenitcb83garay
45%
valenciast83negredo
43%
monacocdm83toulalan
38%

Score Distribution

Percentile by Number Answered

Percent of People with Each Score

Your Score History

You have not taken this quiz